00479 2200193 4500001002100000005001500021035002000036245005400056100001200110250000600122300003100128700001600159260003400175082001200209084001800221020000600239600002300245990001700268INLIS00000000000152620230303025339 a0010-03230000261 aKisah 25 Nabi /cIdrus S; Ilustrator, Toto Rianto0 aIdrus S a- a52 hlm. :bilus. ;c21 cm.0 aToto Rianto aBandung :bCahaya Ilmu,c2021 a297.246 a297.246 IDR k a- 4aKisah Sahabat Nabi a05041/H/2023